Catálogo

Vista normal Vista MARC

Entrada Personal Name

Número de registros utilizados en: 2

001 - CONTROL NUMBER

  • control field: 6225

003 - CONTROL NUMBER IDENTIFIER

  • control field: DLC

005 - DATE AND TIME OF LATEST TRANSACTION

  • control field: 20200804161413.0

008 - FIXED-LENGTH DATA ELEMENTS

  • fixed length control field: 821207n| azannaabn |a aaa

010 ## - LIBRARY OF CONGRESS CONTROL NUMBER

  • LC control number: n 82128027

024 7# - OTHER STANDARD IDENTIFIER

  • Standard number or code: 0000000121483708
  • Source of number or code: isni

024 7# - OTHER STANDARD IDENTIFIER

  • Standard number or code: 114640772
  • Source of number or code: viaf

024 7# - OTHER STANDARD IDENTIFIER

  • Standard number or code: https://www.wikidata.org/w/index.php?title=Q439980&oldid=652604680
  • Source of number or code: wikidata

035 ## - SYSTEM CONTROL NUMBER

  • System control number: (OCoLC)oca00824324

040 ## - CATALOGING SOURCE

  • Original cataloging agency: DLC
  • Language of cataloging: spa
  • Description conventions: rda
  • Transcribing agency: Mx-PuUPA
  • Modifying agency: DLC
  • Modifying agency: OCoLC
  • Modifying agency: DLC
  • Modifying agency: CSt
  • Modifying agency: NNR
  • Modifying agency: UPB
  • Modifying agency: Mx-PuUPA

046 ## - SPECIAL CODED DATES

  • Birth date: 1909-06-30
  • Death date: 2001-11-01
  • Source of date scheme: edtf

053 #0 - LC CLASSIFICATION NUMBER

  • Classification number element--single number or beginning number of span: PQ7409.B65

100 1# - HEADING--PERSONAL NAME

  • Personal name: Bosch, Juan,
  • Dates associated with a name: 1909-2001

370 ## - ASSOCIATED PLACE

  • Place of birth: Concepción de la Vega (Dominican Republic)
  • Place of death: Santo Domingo (Dominican Republic)
  • Source of term: naf

374 ## - OCCUPATION

  • Occupation: Autor
  • Occupation: Político
  • Occupation: Historiador
  • Source of term: lcsh

375 ## - GENDER

  • Gender: hombre
  • Source of term: lcdgt

377 ## - ASSOCIATED LANGUAGE

  • Language code: spa

400 1# - SEE FROM TRACING--PERSONAL NAME

  • Control subfield: nnaa
  • Personal name: Bosch, Juan,
  • Titles and other words associated with a name: Pres. Dominican Republic,
  • Dates associated with a name: 1909-

400 1# - SEE FROM TRACING--PERSONAL NAME

  • Personal name: Bosch Gaviño, Juan,
  • Dates associated with a name: 1909-2001

400 1# - SEE FROM TRACING--PERSONAL NAME

  • Personal name: Gaviño, Juan Bosch,
  • Dates associated with a name: 1909-2001

510 1# - SEE ALSO FROM TRACING--CORPORATE NAME

  • Corporate name or jurisdiction name as entry element: Dominican Republic.
  • Subordinate unit: President (1963 : Bosch)

670 ## - SOURCE DATA FOUND

  • Source citation: His La mañosa ... 1936.

670 ## - SOURCE DATA FOUND

  • Source citation: Peña, A. Democracia y golpe militar, 1979:
  • Information found: t.p. (Juan Bosch) p. 15 (b. 1908) [info from NjP]

670 ## - SOURCE DATA FOUND

  • Source citation: Encic. dominicana
  • Information found: (Bosch Gaviño, Juan; b. La Vega, Dom. Rep., 6/30/09)

670 ## - SOURCE DATA FOUND

  • Source citation: Encye. of Lat. Amer.
  • Information found: (Bosch, Juan; b. 1909)

670 ## - SOURCE DATA FOUND

  • Source citation: Gerónimo, Joaquín, En el nombre de Bosch, 2001:
  • Information found: p. 285 (d. Nov. 1, 2001 in Santo Domingo)

670 ## - SOURCE DATA FOUND

  • Source citation: Wikipedia, 23 March 2018
  • Information found: (Juan Emilio Bosch Gaviño (June 30, 1909-November 1, 2001) was a Dominican politician, historian, short story writer, essayist, educator, and the first democratically elected president of the Dominican Republic for a brief time in 1963. Previously, he had been the leader of the Dominican opposition in exile to the dictatorial regime of Rafael Trujillo for over 25 years. To this day Bosch is remembered as an honest politician and regarded as one of the most prominent writers in Dominican literature.)
  • Uniform Resource Identifier: https://en.wikipedia.org/wiki/Juan_Bosch